|
|
|
|
| LEADER |
00000cam a2200000 7i4500 |
| 001 |
0000020721 |
| 005 |
20090416.0 |
| 008 |
090415s my # may |
| 020 |
|
|
|a 9789833586202 ,
|c RM16.00
|
| 040 |
|
|
|a INS
|
| 090 |
0 |
0 |
|a BJ1610
|b K36 2007
|
| 100 |
0 |
|
|a Kamariah Wahab
|
| 245 |
1 |
0 |
|a Rahsia kejayaan wanita berkerjaya
|c Kamariah Wahab
|
| 260 |
|
|
|a Kuala Lumpur :
|b PTS Professional ,
|c 2007
|
| 300 |
|
|
|a x, 118ms. :
|b il. ;
|c 23cm.
|
| 500 |
|
|
|a Mengandungi indeks
|
| 504 |
|
|
|a Bibliografi: ms.115-116
|
| 650 |
|
0 |
|a Self-realization in women
|
| 650 |
|
0 |
|a Success
|
| 650 |
|
0 |
|a Women
|x Conduct of life
|
| 999 |
|
|
|a 0000020754
|b BOOK
|c Open Shelf
|e Default branch
|